000 00458nam a2200169Ia 4500
008 230917s9999||||xx |||||||||||||| ||und||
020 _cRS1100
040 _e233948
_aMAIN
041 _aEnglish
082 _a642.4 R15T
100 _aRana, Varinder Singh
245 0 _aTheory of hospitality and catering
260 _aNew Delhi
_bShree Publishers
_c2016
300 _a256 p.
500 _a2370 31/08/2016 RBP16/61566 09/09/2016 Main Budget
942 _cBK
999 _c19089
_d19089